[Event "Kreuzberg2006"]
[Site "?"]
[Date "2006.07.11"]
[Round "4"]
[White "Burger, Heinrich"]
[Black "Albrecht, Rainer"]
[Result "1/2-1/2"]
[WhiteElo "2084"]
[BlackElo "2256"]
[PlyCount "39"]

1. d4 Nf6 2. c4 g6 3. Nc3 d5 4. cxd5 Nxd5 5. e4 Nxc3 6. bxc3 Bg7 7. Bc4 c5 8.
Ne2 Nc6 9. Be3 cxd4 10. cxd4 b5 11. Bxb5 Qa5+ 12. Nc3 Qxc3+ 13. Bd2 Qxd4 14.
Bxc6+ Bd7 15. Bxa8 Qxa1 16. Qxa1 Bxa1 17. O-O O-O 18. Rxa1 Rxa8 19. Rc1 Rc8 20.
Rxc8+ 1/2-1/2

[Event "Kreuzberg2006"]
[Site "?"]
[Date "2006.07.11"]
[Round "4"]
[White "Neerforth, Philipp"]
[Black "Kauschmann, Herbert"]
[Result "0-1"]
[WhiteElo "2221"]
[BlackElo "2178"]
[PlyCount "150"]

1. Nf3 d6 2. d4 Nf6 3. c4 c5 4. Nc3 cxd4 5. Nxd4 Nc6 6. e4 Qa5 7. Nb3 Qc7 8.
Be2 h6 9. Be3 g6 10. Nd5 Qd8 11. Nxf6+ exf6 12. Qd2 Be6 13. O-O Be7 14. Nd4
Nxd4 15. Qxd4 g5 16. f4 O-O 17. h4 b6 18. Kh1 Rc8 19. Rac1 Re8 20. Bh5 gxf4 21.
Rxf4 Rc5 22. Bg4 Qc8 23. Bxe6 Qxe6 24. Qd1 Re5 25. Qg4+ Qxg4 26. Rxg4+ Kh7 27.
Bd4 Re6 28. Rf1 Bd8 29. Re1 h5 30. Rf4 Kg8 31. g3 a6 32. Kg2 b5 33. b3 bxc4 34.
bxc4 Ba5 35. Rb1 Rxe4 36. Rxe4 Rxe4 37. Bxf6 Rxc4 38. Kf3 Bb4 39. Rd1 Kh7 40.
Be7 Rc7 41. Rb1 a5 42. Bd8 Rc8 43. Be7 Kg6 44. Rb3 Kf5 45. a3 Bc5 46. Rb5 Ke6
47. Bg5 Ra8 48. a4 Bb4 49. Be3 f5 50. Rb7 Rh8 51. Bd4 Rh6 52. Ra7 Be1 53. Bf2
Bc3 54. Bb6 Ke5 55. Bxa5 Bxa5 56. Rxa5+ d5 57. Ra8 Rb6 58. Re8+ Kf6 59. Re3 d4
60. Ra3 Ke5 61. a5 Ra6 62. Ra4 Kd5 63. Kf4 Kc5 64. Kxf5 d3 65. Ra1 Kc4 66. Kg5
d2 67. Kxh5 Rxa5+ 68. Rxa5 d1=Q+ 69. g4 Qd8 70. Rf5 Qh8+ 71. Kg5 Qg7+ 72. Kf4
Qh6+ 73. Kg3 Kd4 74. g5 Qd6+ 75. Kg4 Qe6 0-1

[Event "Kreuzberg2006"]
[Site "?"]
[Date "2006.07.11"]
[Round "4"]
[White "Schmidt-Schaeffer, Sebastian"]
[Black "Jaeger, Andre"]
[Result "1-0"]
[WhiteElo "2370"]
[BlackElo "2120"]
[PlyCount "61"]

1. e4 c5 2. Nf3 Nc6 3. Nc3 e5 4. g3 d6 5. Bg2 g6 6. O-O Bg7 7. d3 Nh6 8. Nd5
O-O 9. c3 f6 10. d4 cxd4 11. cxd4 Be6 12. dxe5 dxe5 13. Be3 f5 14. Ng5 Nd4 15.
Nxe6 Nxe6 16. Qb3 Rf7 17. Nb6 axb6 18. Qxe6 f4 19. Bxb6 Qf6 20. Qxf6 Rxf6 21.
Bc5 f3 22. Bh3 g5 23. Rfc1 Ra4 24. Be7 Rfa6 25. b4 g4 26. Bf1 Rc6 27. Rxc6 bxc6
28. Bc4+ Nf7 29. Rd1 Ra8 30. Rd7 Bf8 31. Bf6 1-0

[Event "Kreuzberg2006"]
[Site "?"]
[Date "2006.07.11"]
[Round "4"]
[White "Bornschein, Burkhard"]
[Black "Schlemermeyer, Wilhelm"]
[Result "0-1"]
[WhiteElo "2021"]
[BlackElo "2333"]
[PlyCount "80"]

1. d4 Nf6 2. c4 e6 3. Nc3 Bb4 4. e3 b6 5. Qc2 c5 6. a3 Ba5 7. Bd3 Bb7 8. f3 Nc6
9. Nge2 d5 10. cxd5 exd5 11. O-O O-O 12. Bb5 Rc8 13. Qf5 a6 14. Bd3 Re8 15. Bd2
h6 16. Rab1 b5 17. Rbd1 Bb6 18. e4 Ne7 19. Qf4 cxd4 20. Na2 Ng6 21. Qf5 Re5 22.
Qh3 Rh5 23. Qg3 dxe4 24. fxe4 Bc7 25. Nf4 Rg5 26. Qf3 Ne5 27. Qf2 Bxe4 28. Bxe4
Nxe4 29. Qe2 Nxd2 30. Rxd2 Nc4 31. Rd3 Bb6 32. Nh3 Re5 33. Qf3 Qe7 34. Kh1 Re8
35. Nb4 Re1 36. Rd1 Rxd1 37. Rxd1 Qe2 38. Qxe2 Rxe2 39. Nd5 Ne3 40. Nxe3 dxe3
0-1

[Event "Kreuzberg2006"]
[Site "?"]
[Date "2006.07.11"]
[Round "4"]
[White "Kiesekamp, Marcos"]
[Black "Gremm, Albert Juergen"]
[Result "1-0"]
[WhiteElo "2259"]
[BlackElo "1980"]
[PlyCount "61"]

1. c4 Nc6 2. Nc3 e5 3. g3 Bc5 4. Bg2 d6 5. e3 Nge7 6. Nge2 Bg4 7. a3 a5 8. Nd5
Nxd5 9. cxd5 Ne7 10. h3 Bd7 11. d4 exd4 12. Nxd4 Bxd4 13. Qxd4 O-O 14. O-O Ng6
15. b3 Qc8 16. Bb2 f6 17. Kh2 Ne5 18. a4 Qe8 19. f4 Ng6 20. Rac1 c5 21. dxc6
Bxc6 22. Bxc6 bxc6 23. Ba3 c5 24. Qxd6 Qxe3 25. Qd5+ Kh8 26. Bxc5 Rad8 27. Bxe3
Rxd5 28. Rfd1 Rxd1 29. Rxd1 h5 30. Bb6 h4 31. Rd8 1-0

[Event "Kreuzberg2006"]
[Site "?"]
[Date "2006.07.11"]
[Round "4"]
[White "Schulz, Michael"]
[Black "Hesselbarth, Karlheinz"]
[Result "0-1"]
[WhiteElo "2252"]
[BlackElo "1925"]
[PlyCount "48"]

1. d4 d5 2. Bg5 Nf6 3. Bxf6 exf6 4. e3 Bf5 5. Bd3 Bxd3 6. Qxd3 c6 7. Ne2 Bd6 8.
O-O O-O 9. e4 dxe4 10. Qxe4 Re8 11. Qf3 Nd7 12. Nd2 Nf8 13. Ne4 Bc7 14. c3 Qd5
15. N2g3 Bxg3 16. Nxg3 Qxf3 17. gxf3 Ng6 18. Nf5 Rad8 19. Rfe1 Re6 20. c4 Nf4
21. d5 cxd5 22. cxd5 Re5 23. Rxe5 fxe5 24. Rc1 Ne2+ 0-1

[Event "Kreuzberg2006"]
[Site "?"]
[Date "2006.07.11"]
[Round "4"]
[White "Haemmerlein, Thomas"]
[Black "Grosse Honebrink, Brigitte"]
[Result "1-0"]
[WhiteElo "2195"]
[BlackElo "1893"]
[PlyCount "85"]

1. d4 Nf6 2. c4 e6 3. Nc3 d5 4. Nf3 Be7 5. Bg5 Nbd7 6. Qc2 O-O 7. Rd1 h6 8. h4
a6 9. e3 dxc4 10. Ne5 Qe8 11. Nxc4 b5 12. Na5 Nb6 13. Be2 Bb4 14. Nb3 Bb7 15.
Bxf6 gxf6 16. a3 Be7 17. Na5 Bc8 18. Bf3 Bd7 19. Ne4 c6 20. g4 Nd5 21. b4 Kg7
22. Nc5 Bxc5 23. Qxc5 Qe7 24. Qc2 Rac8 25. Qb2 Rg8 26. Nb7 Nb6 27. Nc5 Nc4 28.
Qc3 Be8 29. a4 Nb6 30. a5 Nd5 31. Qb2 Ra8 32. Nd3 Kf8 33. e4 Nc7 34. Qd2 Rh8
35. Qe3 Rd8 36. Nc5 e5 37. dxe5 Rxd1+ 38. Bxd1 fxe5 39. Bb3 f6 40. Ke2 Bf7 41.
Rd1 Bxb3 42. Qxb3 Qg7 43. Rd8+ 1-0

[Event "Kreuzberg2006"]
[Site "?"]
[Date "2006.07.11"]
[Round "4"]
[White "Ma, Beini"]
[Black "Cusnariov, Nikolai"]
[Result "1-0"]
[WhiteElo "1985"]
[BlackElo "2147"]
[PlyCount "61"]

1. e4 c5 2. Nf3 d6 3. d4 cxd4 4. Nxd4 Nf6 5. Nc3 a6 6. Bg5 e6 7. f4 Qb6 8. Qd2
Qxb2 9. Nb3 Qa3 10. Bxf6 gxf6 11. Be2 Nc6 12. O-O Qb4 13. Qe3 Qa3 14. Nd5 exd5
15. exd5+ Ne7 16. Bh5 Qb4 17. Rfe1 Bf5 18. Rab1 O-O-O 19. Nd4 Qc5 20. Nxf5 Nxf5
21. Bg4 Qxd5 22. Qh3 Qxa2 23. Bxf5+ Kb8 24. Qc3 d5 25. Rb3 Qa4 26. Reb1 b5 27.
Qc6 Qd4+ 28. Kh1 b4 29. c3 Qc4 30. Qb6+ Ka8 31. Qxd8+ 1-0

[Event "Kreuzberg2006"]
[Site "?"]
[Date "2006.07.11"]
[Round "4"]
[White "Hahlbohm, Matthias"]
[Black "Apel, Wolfgang"]
[Result "1-0"]
[WhiteElo "2114"]
[BlackElo "1813"]
[PlyCount "71"]

1. e4 c6 2. d4 d5 3. e5 Bf5 4. Ne2 e6 5. Ng3 Bg6 6. h4 h6 7. h5 Bh7 8. Bd3 Bxd3
9. Qxd3 Nd7 10. O-O c5 11. c3 Qb6 12. b3 Ne7 13. Be3 Nc6 14. Nd2 Be7 15. f4
cxd4 16. cxd4 O-O-O 17. a3 Kb8 18. b4 Rc8 19. Nb3 a5 20. Nc5 Nxc5 21. bxc5 Qa6
22. Qxa6 bxa6 23. Rab1+ Ka7 24. Rb6 Bd8 25. Rb2 Bc7 26. f5 Rhf8 27. Rbf2 exf5
28. Nxf5 Rg8 29. Nd6 Bxd6 30. cxd6 Nd8 31. Bd2 Rc4 32. Bxa5 Rxd4 33. Bxd8 Rxd8
34. Rxf7+ Kb6 35. Rf8 Rd7 36. e6 1-0

[Event "Kreuzberg2006"]
[Site "?"]
[Date "2006.07.11"]
[Round "4"]
[White "Rath, Oliver"]
[Black "Sechting, Martin"]
[Result "0-1"]
[WhiteElo "1887"]
[BlackElo "2107"]
[PlyCount "76"]

1. c4 e5 2. Nc3 f5 3. d3 Nf6 4. g3 c6 5. Bg2 d5 6. cxd5 cxd5 7. Nf3 d4 8. Nb1
Nc6 9. O-O Bc5 10. Bg5 h6 11. Bxf6 Qxf6 12. Qc2 Bb6 13. Nbd2 O-O 14. Nc4 Bc7
15. Qb3 Kh8 16. Rac1 Rb8 17. a4 Be6 18. Qa3 Rfe8 19. Nd6 Bxd6 20. Qxd6 Rbd8 21.
Qc5 Bd5 22. Rfd1 Bb3 23. Re1 Bxa4 24. Ra1 Bb3 25. Nd2 Bf7 26. Bxc6 Rc8 27. Rxa7
Rxc6 28. Qa3 Rc2 29. Nf1 Qb6 30. b4 Ra2 31. Qxa2 Bxa2 32. Rxa2 Qxb4 33. Raa1
Qe7 34. Nd2 Rc8 35. Nc4 b5 36. Na3 Qc5 37. Reb1 Ra8 38. Rxb5 Qc3 0-1

[Event "Kreuzberg2006"]
[Site "?"]
[Date "2006.07.12"]
[Round "5"]
[White "Mattick, Lutz"]
[Black "Richter, Michael"]
[Result "0-1"]
[WhiteElo "2278"]
[BlackElo "2389"]
[PlyCount "60"]

1. d4 Nf6 2. Nf3 e6 3. c4 d5 4. Nc3 dxc4 5. e3 a6 6. Bxc4 b5 7. Bd3 Bb7 8. O-O
c5 9. dxc5 Bxc5 10. Qe2 Nbd7 11. e4 Qb8 12. Bg5 O-O 13. Rac1 Rc8 14. a4 b4 15.
Nb1 Ne5 16. Bf4 Nxd3 17. Bxb8 Nxc1 18. Rxc1 Bxf2+ 19. Kxf2 Rxc1 20. Be5 Nxe4+
21. Ke3 Rxb1 22. Qc2 Ra1 23. Qc7 Bd5 24. Bd4 f6 25. Ke2 Rxa4 26. g4 b3 27. g5
Nxg5 28. Nxg5 Rxd4 29. Nf7 Rf8 30. Nd6 Rg4 0-1

[Event "Kreuzberg2006"]
[Site "?"]
[Date "2006.07.12"]
[Round "5"]
[White "Lueders, Gerhard"]
[Black "Waldmann, Hans-Joachim"]
[Result "1/2-1/2"]
[WhiteElo "2243"]
[BlackElo "2329"]
[PlyCount "23"]

1. d4 Nf6 2. c4 e6 3. Nc3 d5 4. Bg5 Be7 5. e3 O-O 6. Rc1 b6 7. Nf3 Bb7 8. Bd3
dxc4 9. Bxc4 Nbd7 10. O-O c5 11. Qe2 Ne4 12. Bxe7 1/2-1/2

[Event "Kreuzberg2006"]
[Site "?"]
[Date "2006.07.12"]
[Round "5"]
[White "Kohler, Thomas"]
[Black "Niehaus, Frank"]
[Result "0-1"]
[WhiteElo "2245"]
[BlackElo "2204"]
[PlyCount "58"]

1. d4 Nf6 2. c4 g6 3. Nc3 Bg7 4. e4 d6 5. Be2 O-O 6. Nf3 Na6 7. O-O e5 8. Be3
Ng4 9. Bg5 f6 10. Bh4 h5 11. h3 Nh6 12. a3 Qe8 13. dxe5 dxe5 14. b4 c6 15. Nd2
Nf7 16. f3 Bh6 17. Bf2 Kh7 18. Nb3 Nc7 19. h4 Rg8 20. Kh1 Ne6 21. Nc5 Nf4 22.
Nd3 g5 23. Nxf4 gxf4 24. c5 Qe6 25. Rg1 Rg3 26. Bxg3 fxg3 27. Nd5 cxd5 28. exd5
Qe8 29. Bd3+ f5 0-1

[Event "Kreuzberg2006"]
[Site "?"]
[Date "2006.07.12"]
[Round "5"]
[White "Kauschmann, Herbert"]
[Black "Haemmerlein, Thomas"]
[Result "1/2-1/2"]
[WhiteElo "2178"]
[BlackElo "2195"]
[PlyCount "75"]

1. e4 c5 2. Nf3 e6 3. c3 Nf6 4. Qc2 b6 5. d3 Nc6 6. Bg5 Be7 7. Nbd2 h6 8. Bh4
O-O 9. Be2 d6 10. O-O Bb7 11. Rfd1 Nd7 12. Bxe7 Nxe7 13. Rac1 Ng6 14. d4 Qe7
15. Bb5 Rad8 16. Qa4 a6 17. Bf1 Nf6 18. Re1 b5 19. Qc2 e5 20. dxc5 dxc5 21. a4
Bc6 22. axb5 axb5 23. Nb3 c4 24. Na5 Ba8 25. b3 Qc7 26. Ra1 cxb3 27. Nxb3 Rc8
28. Bxb5 Qxc3 29. Qxc3 Rxc3 30. Nbd2 Rd8 31. Ra4 Bb7 32. h3 Nh4 33. Ra7 Nxf3+
34. Nxf3 Bxe4 35. Nxe5 Rd5 36. Nd7 Nxd7 37. Bxd7 Bf5 38. Bxf5 1/2-1/2

[Event "Kreuzberg2006"]
[Site "?"]
[Date "2006.07.12"]
[Round "5"]
[White "Sechting, Martin"]
[Black "Schmidt-Schaeffer, Sebastian"]
[Result "1/2-1/2"]
[WhiteElo "2107"]
[BlackElo "2370"]
[PlyCount "133"]

1. d4 f5 2. c4 Nf6 3. g3 g6 4. Bg2 Bg7 5. Nf3 O-O 6. O-O d6 7. Nc3 c6 8. Re1
Ne4 9. Qd3 Nxc3 10. bxc3 e5 11. Bg5 Qe8 12. e4 Nd7 13. exf5 gxf5 14. Qe3 Qf7
15. Rad1 h6 16. Bh4 e4 17. Nd2 Nb6 18. Qf4 Nxc4 19. Nxc4 Qxc4 20. Be7 Rf7 21.
Qxd6 Qxa2 22. Qd8+ Bf8 23. Bxf8 Rxf8 24. Qh4 Qe6 25. g4 Qf6 26. Qh5 Be6 27.
gxf5 Bxf5 28. Re3 Rae8 29. Rf1 Kh7 30. f3 Bg6 31. Qa5 Qf4 32. Ree1 exf3 33.
Rxe8 f2+ 34. Kh1 Rxe8 35. Qxa7 Qf7 36. h3 Re1 37. Qb8 Rxf1+ 38. Bxf1 Be4+ 39.
Kh2 Qg7 40. Qg3 Qf7 41. Qe5 Qf3 42. Qc7+ {(=)} Kg6 43. Qg3+ Kf5 44. Qxf3+ Bxf3
45. Kg3 Ke4 46. Kxf2 Bh5 47. Bc4 b6 48. Be6 Kd3 49. Bd7 Kxc3 50. Ke3 b5 51.
Bxc6 b4 52. d5 b3 53. d6 b2 54. Be4 Be8 55. h4 Kc4 56. Kd2 Kc5 57. Kc3 Kxd6 58.
Kxb2 Ke5 59. Bb7 Kf4 60. Kc3 Kg3 61. Kd2 Kxh4 62. Ke2 Kg3 63. Kf1 h5 64. Kg1
Bd7 65. Bg2 h4 66. Kh1 Bb5 67. Kg1 1/2-1/2

[Event "Kreuzberg2006"]
[Site "?"]
[Date "2006.07.12"]
[Round "5"]
[White "Schlemermeyer, Wilhelm"]
[Black "Burger, Heinrich"]
[Result "1-0"]
[WhiteElo "2333"]
[BlackElo "2084"]
[PlyCount "73"]

1. g3 e5 2. c4 Nc6 3. Bg2 g6 4. Nc3 Bg7 5. e4 d6 6. Nge2 Nf6 7. O-O O-O 8. h3
Be6 9. d3 Qd7 10. Kh2 Ne8 11. Nd5 f5 12. exf5 Bxf5 13. Rb1 a5 14. Be3 Kh8 15.
Qd2 Nb4 16. Nxb4 axb4 17. g4 Be6 18. Qxb4 Rxa2 19. Nc3 Ra8 20. Qxb7 Nf6 21. Qc6
Qf7 22. Ne4 Nxe4 23. Qxe4 Rab8 24. b4 Qe7 25. b5 g5 26. Bd2 h6 27. Qe2 Rbd8 28.
b6 cxb6 29. Rxb6 Rb8 30. Rfb1 Rxb6 31. Rxb6 e4 32. Qxe4 Be5+ 33. Kg1 Qa7 34.
Be3 Qa1+ 35. Bf1 Bg8 36. Rb7 Bg7 37. Rxg7 1-0

[Event "Kreuzberg2006"]
[Site "?"]
[Date "2006.07.12"]
[Round "5"]
[White "Belostotska, Julia"]
[Black "Kiesekamp, Marcos"]
[Result "1/2-1/2"]
[WhiteElo "2076"]
[BlackElo "2259"]
[PlyCount "48"]

1. e4 c5 2. Nf3 Nc6 3. d4 cxd4 4. Nxd4 Nf6 5. Nc3 d6 6. Be2 e5 7. Nb3 Be7 8.
Be3 O-O 9. O-O Be6 10. h3 a5 11. a4 Nb4 12. Qd2 Rc8 13. Bf3 d5 14. exd5 Nfxd5
15. Bxd5 Nxd5 16. Nxd5 Bxd5 17. Nxa5 Be4 18. Qxd8 Bxd8 19. Nb3 Bxc2 20. Nc5 Be7
21. b4 Rc7 22. a5 Bxc5 23. Bxc5 Re8 24. Rfc1 Bf5 1/2-1/2

[Event "Kreuzberg2006"]
[Site "?"]
[Date "2006.07.12"]
[Round "5"]
[White "Albrecht, Rainer"]
[Black "von Loehneysen, Leonard"]
[Result "1/2-1/2"]
[WhiteElo "2256"]
[BlackElo "2033"]
[PlyCount "43"]

1. d4 Nf6 2. c4 c5 3. d5 b5 4. cxb5 a6 5. bxa6 g6 6. Nc3 Bxa6 7. e4 Bxf1 8.
Kxf1 d6 9. Nge2 Bg7 10. h3 O-O 11. Kg1 Nbd7 12. Kh2 Qa5 13. Rb1 Rfb8 14. Qc2
Ne8 15. b3 Nc7 16. Rd1 Nb5 17. Nxb5 Rxb5 18. a4 Rb7 19. Bd2 Qa6 20. Bc3 Rab8
21. Bxg7 Kxg7 22. Kg1 1/2-1/2

[Event "Kreuzberg2006"]
[Site "?"]
[Date "2006.07.12"]
[Round "5"]
[White "Hesselbarth, Karlheinz"]
[Black "Hahlbohm, Matthias"]
[Result "0-1"]
[WhiteElo "1925"]
[BlackElo "2114"]
[PlyCount "94"]

1. d4 d5 2. c4 c6 3. cxd5 cxd5 4. Nc3 Nc6 5. Bf4 a6 6. e3 e6 7. Nf3 f5 8. Bd3
Nf6 9. O-O Bd6 10. Bxd6 Qxd6 11. Rc1 O-O 12. Qe2 Bd7 13. Rfd1 h6 14. b3 Be8 15.
Na4 Bh5 16. Qb2 Ne4 17. Be2 f4 18. Nc5 Nxc5 19. dxc5 Qe7 20. Nd4 Bxe2 21. Qxe2
e5 22. Nxc6 bxc6 23. e4 d4 24. Rd3 Rfb8 25. Qc2 a5 26. h3 Kh7 27. Rf3 a4 28.
bxa4 Rb4 29. Ra3 Ra5 30. Kh2 Qa7 31. h4 Rbxa4 32. Rxa4 Rxa4 33. Qb3 Ra6 34. h5
Qe7 35. Qh3 Qg5 36. Rc2 Ra8 37. g4 Ra5 38. Qf3 Qe7 39. Qb3 Rb5 40. Qh3 Rb1 41.
Kg2 Qf6 42. Kf3 Qd8 43. Kg2 Qf6 44. Kf3 Re1 45. Qh2 Qg5 46. Qh3 Rg1 47. Rb2 Rc1
0-1

[Event "Kreuzberg2006"]
[Site "?"]
[Date "2006.07.12"]
[Round "5"]
[White "Knopf, Roland"]
[Black "Neerforth, Philipp"]
[Result "0-1"]
[WhiteElo "1921"]
[BlackElo "2221"]
[PlyCount "80"]

1. d4 Nf6 2. Bg5 d5 3. e3 Bg4 4. Be2 Bxe2 5. Qxe2 c6 6. Nf3 Qb6 7. c3 Nbd7 8.
O-O Ne4 9. Bf4 e6 10. Ng5 Ndf6 11. Qc2 Be7 12. Nd2 Nxd2 13. Qxd2 h6 14. Nf3 Ne4
15. Qc2 g5 16. Be5 f6 17. Bg3 h5 18. h4 g4 19. Nd2 Nxg3 20. fxg3 f5 21. c4 O-O
22. Qb3 Qc7 23. Rf4 Bd6 24. cxd5 Bxf4 25. gxf4 cxd5 26. Nf1 Qe7 27. Rc1 Rfc8
28. Rc3 Rxc3 29. bxc3 b6 30. c4 Qd8 31. cxd5 Qxd5 32. Qxd5 exd5 33. Ng3 Rf8 34.
Nxh5 Kf7 35. Ng3 Ke6 36. Kf2 Rc8 37. h5 Rc2+ 38. Kg1 Rxa2 39. h6 Rc2 40. Nh5
Rc8 0-1

[Event "Kreuzberg2006"]
[Site "?"]
[Date "2006.07.12"]
[Round "5"]
[White "Zoellner, Rainer"]
[Black "Albinus, Dr. Guenther"]
[Result "1-0"]
[WhiteElo "1884"]
[BlackElo "2093"]
[PlyCount "59"]

1. e4 e5 2. f4 exf4 3. Nf3 g5 4. h4 g4 5. Ne5 h5 6. Bc4 Rh7 7. d4 d6 8. Nd3 Be7
9. Bxf4 Bxh4+ 10. g3 Bg5 11. Nc3 c6 12. Qd2 Bxf4 13. Nxf4 Qg5 14. O-O-O Kd7 15.
d5 c5 16. Bb5+ Ke7 17. e5 Bf5 18. Rde1 Nd7 19. exd6+ Kxd6 20. Bxd7 Kxd7 21. Qe3
b6 22. Ne4 Qe7 23. Qe2 a6 24. Qc4 Bxe4 25. Rxe4 Qg5 26. Rhe1 f6 27. Re6 Re7 28.
d6 Rg7 29. Qd5 Rb8 30. R6e5 1-0

[Event "Kreuzberg2006"]
[Site "?"]
[Date "2006.07.13"]
[Round "6"]
[White "Niehaus, Frank"]
[Black "Richter, Michael"]
[Result "1/2-1/2"]
[WhiteElo "2204"]
[BlackElo "2389"]
[PlyCount "38"]

1. e4 e6 2. d4 d5 3. Nc3 Nf6 4. Bg5 dxe4 5. Nxe4 Be7 6. Bxf6 gxf6 7. Nf3 a6 8.
Qd2 Nd7 9. O-O-O b5 10. Kb1 Bb7 11. Bd3 f5 12. Ng3 h5 13. Bxf5 Bxf3 14. gxf3
exf5 15. Nxf5 Kf8 16. Qf4 Nb6 17. Qe5 Bf6 18. Qc5+ Be7 19. Qe5 Bf6 1/2-1/2

[Event "Kreuzberg2006"]
[Site "?"]
[Date "2006.07.13"]
[Round "6"]
[White "Hahlbohm, Matthias"]
[Black "Schlemermeyer, Wilhelm"]
[Result "0-1"]
[WhiteElo "2114"]
[BlackElo "2333"]
[PlyCount "96"]

1. e4 d6 2. d4 Nf6 3. Bd3 e5 4. c3 Nc6 5. Ne2 d5 6. exd5 Nxd5 7. O-O exd4 8.
Nxd4 Nxd4 9. cxd4 Be7 10. Nc3 Be6 11. f4 Nf6 12. Bc2 O-O 13. h3 c6 14. Be3 Qd7
15. Qd3 g6 16. Rad1 Bf5 17. Qe2 Nd5 18. Nxd5 cxd5 19. g4 Bxc2 20. Qxc2 f5 21.
g5 Rac8 22. Qd2 Bd8 23. Rc1 Bb6 24. Rxc8 Rxc8 25. Rc1 Rc6 26. Kf2 Qe6 27. b3
Kf7 28. a4 Ke8 29. b4 Qc8 30. Rxc6 Qxc6 31. a5 Bc7 32. Qe2 a6 33. Bd2+ Kd7 34.
Qd3 Bd6 35. Ke3 Bf8 36. Qb3 Qb5 37. Bc3 Bd6 38. Qb1 Qc4 39. Qe1 Qc7 40. Bd2
Bxf4+ 41. Kf3 Bd6 42. Qh4 Kc6 43. Qe1 Qe7 44. Qc1+ Kd7 45. Qa1 Qe4+ 46. Kf2 Qc2
47. Ke3 f4+ 48. Ke2 Bxb4 0-1

[Event "Kreuzberg2006"]
[Site "?"]
[Date "2006.07.13"]
[Round "6"]
[White "Waldmann, Hans-Joachim"]
[Black "Kauschmann, Herbert"]
[Result "1/2-1/2"]
[WhiteElo "2329"]
[BlackElo "2178"]
[PlyCount "95"]

1. Nf3 g6 2. d4 Bg7 3. g3 c5 4. Bg2 cxd4 5. Nxd4 Nf6 6. O-O O-O 7. e4 Qb6 8.
Nb3 Nc6 9. Nc3 d6 10. h3 Be6 11. Be3 Qd8 12. Nd5 Ne5 13. Bd4 Bxd5 14. exd5 Nc4
15. a4 Qd7 16. Re1 Rfe8 17. Bf1 Rec8 18. a5 Qc7 19. Bc3 Ne5 20. Ra4 Bf8 21. Kg2
Ned7 22. Rb4 b6 23. Ba6 Rcb8 24. Rc4 Nc5 25. Bb5 Rc8 26. Bxf6 exf6 27. a6 f5
28. Nd4 Qd8 29. f3 Nd7 30. Rxc8 Rxc8 31. Bxd7 Qxd7 32. Nc6 Re8 33. Rxe8 Qxe8
34. Kf2 f4 35. gxf4 Qc8 36. Qf1 b5 37. Qxb5 Qxh3 38. Nxa7 Qh2+ 39. Ke3 Qg1+ 40.
Kd3 h5 41. Qb7 Bg7 42. Nc6 Qf1+ 43. Ke3 Qc1+ 44. Kd3 Bxb2 45. a7 Qf1+ 46. Kd2
Qf2+ 47. Kd3 Qf1+ 48. Kd2 1/2-1/2

[Event "Kreuzberg2006"]
[Site "?"]
[Date "2006.07.13"]
[Round "6"]
[White "Ma, Beini"]
[Black "Mattick, Lutz"]
[Result "0-1"]
[WhiteElo "1945"]
[BlackElo "2278"]
[PlyCount "64"]

1. e4 c5 2. Nf3 e6 3. d4 cxd4 4. Nxd4 a6 5. c4 Nf6 6. Nc3 Bb4 7. Qd3 Qc7 8. Bg5
Qe5 9. Bxf6 Qxf6 10. Be2 Nc6 11. Nxc6 dxc6 12. O-O e5 13. a3 Bc5 14. Rad1 Be6
15. Bf3 a5 16. Rd2 O-O 17. Rfd1 Bd4 18. Ne2 Bc5 19. Nc1 a4 20. Ne2 g5 21. h3 h5
22. Ng3 h4 23. Ne2 Kg7 24. Nc3 Rfd8 25. Qc2 Rxd2 26. Rxd2 Bxh3 27. Nxa4 Bd4 28.
Bd1 Be6 29. Qd3 g4 30. Nc3 g3 31. Bf3 gxf2+ 32. Rxf2 Rd8 0-1

[Event "Kreuzberg2006"]
[Site "?"]
[Date "2006.07.13"]
[Round "6"]
[White "Kiesekamp, Marcos"]
[Black "Lueders, Gerhard"]
[Result "1-0"]
[WhiteElo "2259"]
[BlackElo "2243"]
[PlyCount "71"]

1. e4 c5 2. d4 cxd4 3. c3 d3 4. c4 g6 5. Bxd3 Bg7 6. Nf3 Nc6 7. O-O d6 8. h3
Nf6 9. Nc3 O-O 10. Bg5 h6 11. Be3 Nd7 12. Rc1 b6 13. Bb1 Bb7 14. Qd2 Kh7 15.
Nd4 Qc8 16. Rfd1 Rd8 17. Nd5 Bf8 18. f4 e6 19. Nf3 Qb8 20. Nc3 Nf6 21. Qf2 Bg7
22. Rd2 Ne7 23. Rcd1 Qc7 24. Nb5 Qxc4 25. Nxd6 Rxd6 26. Rxd6 Nxe4 27. Bxe4 Qxe4
28. Rd7 Re8 29. Bd4 f6 30. Bc3 Bd5 {(=)} 31. Nd4 e5 32. Re1 Qd3 33. fxe5 fxe5
34. Ne6 Qb5 35. Nxg7 Qxd7 36. Nxe8 1-0

[Event "Kreuzberg2006"]
[Site "?"]
[Date "2006.07.13"]
[Round "6"]
[White "Schmidt-Schaeffer, Sebastian"]
[Black "Belostotska, Julia"]
[Result "1-0"]
[WhiteElo "2370"]
[BlackElo "2076"]
[PlyCount "77"]

1. e4 e5 2. Nf3 Nc6 3. d3 Nf6 4. c3 d5 5. Nbd2 dxe4 6. dxe4 Be7 7. Bb5 O-O 8.
O-O Bg4 9. Bxc6 bxc6 10. Qa4 Qd6 11. Nc4 Qc5 12. Ncxe5 Bxf3 13. Nxf3 Bd6 14.
Bg5 Ng4 15. Bh4 Rfe8 16. Rfe1 Re6 17. h3 Ne5 18. Nxe5 Bxe5 19. Rad1 Rd6 20. Bg5
Bxc3 21. bxc3 Qxg5 22. Rxd6 cxd6 23. Qxc6 Rd8 24. Rd1 g6 25. g3 Qa5 26. a4 Kg7
27. Rd5 Qb6 28. Qxb6 axb6 29. e5 f6 30. exd6 Kf7 31. d7 Ke6 32. Rd4 Rxd7 33.
Rxd7 Kxd7 34. Kf1 Kc6 35. Ke2 Kc5 36. Kd3 f5 37. h4 h6 38. f3 g5 39. h5 1-0

[Event "Kreuzberg2006"]
[Site "?"]
[Date "2006.07.13"]
[Round "6"]
[White "Sechting, Martin"]
[Black "Albrecht, Rainer"]
[Result "1/2-1/2"]
[WhiteElo "2107"]
[BlackElo "2056"]
[PlyCount "57"]

1. Nf3 e6 2. c4 f5 3. g3 Nf6 4. Nc3 Be7 5. Bg2 O-O 6. O-O d6 7. d4 Ne4 8. Nxe4
fxe4 9. Nd2 d5 10. cxd5 exd5 11. Qb3 Kh8 12. f3 exf3 13. Nxf3 c6 14. Bg5 Nd7
15. Qe3 Bf6 16. Bxf6 Nxf6 17. Ne5 Ng4 18. Qg5 Nxe5 19. Rxf8+ Qxf8 20. Qxe5 Bd7
21. Rf1 Qe8 22. Qxe8+ Rxe8 23. Rf7 Rd8 24. e4 dxe4 25. Bxe4 Kg8 26. Re7 Kf8 27.
Re5 Be8 28. d5 cxd5 29. Bxd5 1/2-1/2

[Event "Kreuzberg2006"]
[Site "?"]
[Date "2006.07.13"]
[Round "6"]
[White "von Loehneysen, Leonard"]
[Black "Kohler, Thomas"]
[Result "0-1"]
[WhiteElo "2033"]
[BlackElo "2245"]
[PlyCount "52"]

1. c4 e5 2. Nc3 Nc6 3. Nf3 f5 4. d4 e4 5. Ng5 Bb4 6. h4 Bxc3+ 7. bxc3 Nf6 8. c5
h6 9. Nh3 O-O 10. Nf4 d5 11. cxd6 cxd6 12. e3 Rf7 13. c4 b6 14. Bd2 Rb8 15. Be2
Rbb7 16. h5 Rbc7 17. O-O Ne7 18. a4 g5 19. hxg6 Rg7 20. a5 Nxg6 21. Nxg6 Rxg6
22. axb6 Rxg2+ 23. Kxg2 Rg7+ 24. Kh2 Nh7 25. Kh3 Ng5+ 26. Kh2 Nf3+ 0-1

[Event "Kreuzberg2006"]
[Site "?"]
[Date "2006.07.13"]
[Round "6"]
[White "Neerforth, Philipp"]
[Black "Zoellner, Rainer"]
[Result "1-0"]
[WhiteElo "2221"]
[BlackElo "1884"]
[PlyCount "137"]

1. Nf3 e6 2. c4 Nf6 3. Nc3 d5 4. d4 Be7 5. Bg5 O-O 6. e3 b6 7. Rc1 Bb7 8. cxd5
exd5 9. Bd3 Nbd7 10. O-O c5 11. Qa4 a6 12. dxc5 Nxc5 13. Qd1 Nxd3 14. Qxd3 Qd6
15. Rfd1 Rad8 16. Nd4 g6 17. Nce2 Rd7 18. Bf4 Qb4 19. a3 Qxb2 20. Ra1 Ne4 21.
Rdb1 Qd2 22. Qb3 b5 23. Rb2 Qa5 24. Qd1 Rc8 25. Rb3 Nd2 26. Rd3 Nc4 27. Rc3 Bf6
28. a4 b4 29. Rb3 Na3 30. Qd2 Nc2 31. Nxc2 Rxc2 32. Qxc2 Bxa1 33. Rb1 Bg7 34.
Qb3 Bc3 35. Nxc3 bxc3 36. Be5 Bc6 37. Bxc3 Qd8 38. Qb8 Qf8 39. Bf6 Rd6 40.
Qxf8+ Kxf8 41. Rb8+ Be8 42. Bb2 Re6 43. a5 Ke7 44. Rb7+ Kd8 45. Bd4 Rc6 46. h3
Bd7 47. Ra7 Ke7 48. Bb6 Rc1+ 49. Kh2 Rc2 50. Kg3 h5 51. h4 Rc4 52. Rxa6 Rg4+
53. Kf3 Rxh4 54. Bd4 Re4 55. Bf6+ Kf8 56. Rd6 Bc8 57. a6 Re6 58. a7 Bb7 59.
Rd8+ Re8 60. Rb8 Ba8 61. Kf4 Bc6 62. Kg3 Ba8 63. Bd8 Bc6 64. Bf6 Ba8 65. Kh2
Bc6 66. Kg1 Ba8 67. Kf1 Bc6 68. f3 Ba8 69. Ke2 1-0

[Event "Kreuzberg2006"]
[Site "?"]
[Date "2006.07.13"]
[Round "6"]
[White "Haemmerlein, Thomas"]
[Black "Mielke, Norman"]
[Result "1-0"]
[WhiteElo "2195"]
[BlackElo "2044"]
[PlyCount "73"]

1. e4 c5 2. Nf3 Nc6 3. Bb5 g6 4. O-O Bg7 5. c3 Nf6 6. d4 d5 7. exd5 Nxd5 8. Ne5
Qd6 9. Bxc6+ bxc6 10. Nc4 Qf6 11. dxc5 Qh4 12. Qe2 O-O 13. Nba3 Ba6 14. Re1
Rab8 15. Qe4 Qh5 16. Ne5 Nf6 17. Qf3 Qxf3 18. gxf3 Rfc8 19. Nc2 e6 20. Nd4 Bb7
21. a3 Nh5 22. b4 Rc7 23. Ra2 Rd8 24. f4 Rcc8 25. a4 Rd5 26. Nef3 Bf8 27. Re5
Nf6 28. Rae2 Rxe5 29. fxe5 Nd5 30. Bd2 Ne7 31. Ng5 Nf5 32. Ne4 Nxd4 33. cxd4
Ba6 34. Re1 Bd3 35. Nd6 Rb8 36. b5 Bxd6 37. exd6 1-0